| 000 | 00573 a2200157 4500 | ||
|---|---|---|---|
| 020 | _a 8176560081 | ||
| 082 | _a005.4469 | ||
| 090 |
_c2478 _d2478 |
||
| 100 | _aEzzell, Ben | ||
| 245 |
_a MCSD Windows Architecture 1 Study Guide _cBen Ezzell |
||
| 260 |
_aNew Delhi: _bBPB Publications, _cc1998. |
||
| 300 |
_axxvii, 676 p. : _bill. ; _c24cm. |
||
| 500 | _aIncludes bibliographical references and index | ||
| 650 | _aMicrosoft Windows.(Computer File) Electronic Data Processing Personnel Certificate. Microsoft Software. Examinations. Shady guide. | ||
| 942 |
_cBK _k005.4469 EZZ |
||
| 999 |
_c6403 _d6403 |
||